|
|
แสดงรายละเอียดบรรณานุกรม |
|
|
Brief Record
: Get Marc (ISO 2709)
: E-mail record
: |
|
|
| LEADER 00000nam 2200000uu 4500 | |||
| 001 213263 | |||
| 003 ULIBM | |||
| 008 230607s||||||||th 000 0 tha d | |||
| 020 ^a978-974-03-4138-3 | |||
| 040 ^abcnkk | |||
| 041 ^atha | |||
| 060 0 ^aWB 310 ว492ก 2565 | |||
| 100 0 ^aวาสินี วิเศษฤทธิ์ | |||
| 245 00 ^aการดูแลแบบประคับประคอง :^b การออกแบบระบบบริการและการพัฒนาสมรรถนะพยาบาลวิชาชีพ/^cวาสินี วิเศษฤทธิ์ | |||
| 250 ^aพิมพ์ครั้งที่ 1 | |||
| 260 ^aกรุงเทพ:^bสำนักพิมพ์จุฬาลงกรณ์มหาวิทยาลัย,^c2565 | |||
| 300 ^a189 หน้า:^bภาพประกอบ;^c26 ซม. | |||
| 650 0 ^aผู้ป่วยระยะสุดท้าย | |||
| 650 0 ^aผู้ป่วยหนัก--การดูแล | |||
| 650 0 ^aการดูแลผู้ป่วยระยะสุดท้ายแบบประคับประคอง | |||
| 650 0 ^aการรักษาเพื่อบรรเทาอาการ | |||
| 999 ^aใช้งานได้ทุกระบบ | |||
| คุณยังไม่ได้ล็อกอิน คุณสามารถมีกิจกรรมร่วมกับเว็บไซต์ได้ แต่ต้องล็อกอินก่อน :: |
|
| สถานะ | |||||||||
| 1. | การพยาบาล (ตำราหลัก) | WB 310 ว492ก 2565 ฉ.1 | On Shelf ขอยืม | ||||||
| Note:จัดซื้อปีงบฯ 2566 | |||||||||
| 2. | การพยาบาล (ตำราหลัก) | WB 310 ว492ก 2565 ฉ.2 | On Shelf ขอยืม | ||||||
| Note:จัดซื้อปีงบฯ 2566 | |||||||||
| 3. | การพยาบาล (ตำราหลัก) | WB 310 ว492ก 2565 ฉ.3 | On Shelf ขอยืม | ||||||
| Note:จัดซื้อปีงบฯ 2566 | |||||||||
| 4. | การพยาบาล (ตำราหลัก) | WB 310 ว492ก 2565 ฉ.4 | On Shelf ขอยืม | ||||||
| Note:จัดซื้อปีงบฯ 2566 | |||||||||
| 5. | การพยาบาล (ตำราหลัก) | WB 310 ว492ก 2565 ฉ.5 | On Shelf ขอยืม | ||||||
| Note:จัดซื้อปีงบฯ 2566 | |||||||||
| [แสดง 5/5 รายการ] | |||||||||
BibComment |
| คอมเมนท์ทรัพยากรรายการนี้ |
|
|